000 00771nam a2200265Ia 4500
005 20260429112112.0
008 260429s9999||||xx |||||||||||||| ||und||
020 _a9781032121529
041 _aEnglish
082 _a610.28
_bCOO
100 _aCooper, Rory A.
245 0 _aIntroduction to rehabilitation engineering /
_cRory A. Cooper
250 _a2nd ed.
260 _aBoca Raton :
_bCRC Press,
_c2026.
300 _axv, 364 p.; hb
440 _aSeries in medical physics and biomedical engineering
650 _a Biomedical engineering
650 _aRehabilitation engineering
700 _a Cooper, Rosemarie
700 _a Ohnabe, Hisaichi
700 _a Tabakov, Slavik
700 _a Titenour, E. Russell
700 _aKwan-Hoong
942 _cTB
999 _c52358
_d52358